01015nam a22002775a 450000500170000000800410001702000180005804000380007604300120011408200200012610000290014624500920017524600580026725000120032526000360033730000340037350000240040750400410043165000420047265100100051465300220052470000210054694200080056799900170057595201450059220170105102722.0170105t2014 moua frb 001 0 eng d a9780323101097 aEG-ScBUEbengcEG-ScBUEdEG-ScBUE an-us---04222a610.73bCHE1 aBarbara Cherry,c(Nurse)10aContemporary nursing :bissues, trends, & management /cBarbara Cherry, Susan R. Jacob.3 aContemporary nursing :bissues, trends and management a6th ed. aSt. Louis :bElsevier,cc.2014. axvi, 527 p. :bill. ;c24 cm. aIndex : p. 509-527. aIncludes bibliographical references. 72BUEsh923191aNursingzUnited States. 2BUEsh bNNURcJanuary20171 aJacob, Susan R.  2ddc c23847d23819 00102ddc40708AcademicaMAINbMAINc1STd2017-01-05ePurchaseg527.50h2000074l0o610.73 CHEp000040766r2025-07-15 00:00:00v659.38yBB